| 000 | 01460cam a2200361 4500 | ||
|---|---|---|---|
| 001 | ABS68033 | ||
| 008 | 040716n2004 000 0 eng u | ||
| 035 | _a(Sirsi) u126803 | ||
| 100 | _aMcWilliam, F. | ||
| 245 | _aDesigns on quality | ||
| 260 | _c2004 | ||
| 490 |
_aHouse Builder _v63(6) July 2004, 18-20(3) |
||
| 520 | _aInvestigates the value of design coding as a planning tool, which could hold the key to improved urban design and speedier planning processes. The ODPM with CABE and English Partnerships launched six schemes in May 2004 to trial design coding as part of the government response to the Barker and Egan reviews. Looks at Florida new town development, Seaside, as a model of design coding, which has inspired John Prescott's thinking in this area. Gathers positive industry views on the future of design coding in the UK as a means of producing an incredibly diverse assembly of contemporary buildings of higher quality. | ||
| 590 | _aABS | ||
| 590 | _aABS | ||
| 650 | _aDESIGN QUALITY | ||
| 650 | _aCIRENCESTER | ||
| 650 | _aHARLOW | ||
| 650 | _aASHFORD | ||
| 650 | _aHASTINGS | ||
| 650 | _aALDERSHOT | ||
| 650 | _aNEWCASTLE | ||
| 650 | _aROTHERHAM | ||
| 650 | _aRESIDENTIAL DEVELOPMENT | ||
| 650 | _aURBAN DESIGN | ||
| 650 | _aPLANNING PROCESS | ||
| 650 | _aDESIGN CODE | ||
| 650 | _aFLORIDA | ||
| 650 | _aSEASIDE | ||
| 650 | _aMIXED-USE DEVELOPMENTS | ||
| 690 | _aHOUSING-DEVELOPMENT | ||
| 942 | _n0 | ||
| 999 |
_c117715 _d117715 |
||